Hedge fund modelling and analysis using Excel and VBA (Record no. 240429)
[ view plain ]
| 000 -LEADER | |
|---|---|
| fixed length control field | 01684nam a2200373 a 4500 |
| 082 04 - DEWEY DECIMAL CLASSIFICATION NUMBER | |
| Classification number | 332.64/5240285554 |
| 100 1# - MAIN ENTRY--AUTHOR NAME | |
| Personal name | Darbyshire, Paul. |
| 245 10 - TITLE STATEMENT | |
| Title | Hedge fund modelling and analysis using Excel and VBA |
| 260 ## - PUBLICATION, DISTRIBUTION, ETC. (IMPRINT) | |
| Place of publication | Chichester [England] ; |
| -- | Hoboken, N.J. : |
| Name of publisher | Wiley, |
| Year of publication | 2011. |
| 300 ## - PHYSICAL DESCRIPTION | |
| Number of Pages | xv, 261 p. : |
| Other physical details | ill. |
| 490 1# - SERIES STATEMENT | |
| Series statement | Wiley finance |
| 520 ## - SUMMARY, ETC. | |
| Summary, etc | "This book will serve as a complete course in Hedge Fund Modeling and Analysis and will arm Hedge Funds with the full range of tools they need to manage their risks and capitalize on the return profiles of their investment styles"-- |
| 650 #0 - SUBJECT ADDED ENTRY--TOPICAL TERM | |
| Topical Term | Hedge funds |
| 700 1# - ADDED ENTRY--PERSONAL NAME | |
| Personal name | Hampton, David. |
| 856 40 - ELECTRONIC LOCATION AND ACCESS | |
| Uniform Resource Identifier | http://site.ebrary.com/lib/rucke/Doc?id=10526683 |
| 520 ## - SUMMARY, ETC. | |
| -- | Provided by publisher. |
No items available.
